Zambia at 33 (Record no. 83370)
[ view plain ]
| 000 -LEADER | |
|---|---|
| fixed length control field | 01000nam a2200169 a 4500 |
| 008 - FIXED-LENGTH DATA ELEMENTS--GENERAL INFORMATION | |
| fixed length control field | 071009s1999 ||||||||||||||||| || u |
| 050 ## - LIBRARY OF CONGRESS CALL NUMBER | |
| Classification number | HC 915 Zam |
| 245 00 - TITLE STATEMENT | |
| Title | Zambia at 33 |
| Statement of responsibility, etc. | Republic of Zambia |
| 260 ## - PUBLICATION, DISTRIBUTION, ETC. | |
| Place of publication, distribution, etc. | New Delhi |
| Name of publisher, distributor, etc. | High Commission of the Republic of Zambia,New Delhi |
| Date of publication, distribution, etc. | 1999 |
| 300 ## - PHYSICAL DESCRIPTION | |
| Extent | 118p.:ill. |
| 350 ## - | |
| -- | 0.00 |
| 650 ## - SUBJECT ADDED ENTRY--TOPICAL TERM | |
| Topical term or geographic name entry element | ZAMBIA |
| 995 ## - | |
| -- | SPECIAL COLLECTIONS |
| -- | 0.00 |
| -- | 730065 |
| -- | CBU-MAIN LIBRARY (Kitwe) |
| -- | 1 |
| -- | 0.00 |
| -- | ZAM HC 915 ZAM |
| -- | 1 |
| -- | AVAILABLE |
| -- | Oct 9, 2007 |
| -- | 027307 |
| -- | Zambiana Collection |
| 995 ## - | |
| -- | ANNEX COLLECTION (Main Library) |
| -- | 0.00 |
| -- | 729487 |
| -- | CBU-MAIN LIBRARY (Kitwe) |
| -- | 1 |
| -- | 0.00 |
| -- | HC 915 ZAM |
| -- | 4 |
| -- | AVAILABLE |
| -- | Oct 9, 2007 |
| -- | 021582 |
| -- | Annex Low-Usage Collection |
| 995 ## - | |
| -- | MAIN LIBRARY OPEN ACCESS |
| -- | 0.00 |
| -- | 730257 |
| -- | CBU-MAIN LIBRARY (Kitwe) |
| -- | 1 |
| -- | 0.00 |
| -- | HC 915 ZAM |
| -- | 1 |
| -- | AVAILABLE |
| -- | Oct 9, 2007 |
| -- | 55604 |
| -- | Main Library Open Access Collection |
| 995 ## - | |
| -- | SPECIAL COLLECTIONS |
| -- | 0.00 |
| -- | 730256 |
| -- | CBU-MAIN LIBRARY (Kitwe) |
| -- | 1 |
| -- | 0.00 |
| -- | ZAM HC 915 ZAM |
| -- | 1 |
| -- | AVAILABLE |
| -- | Oct 9, 2007 |
| -- | 027658 |
| -- | Zambiana Collection |
| 999 ## - | |
| -- | 83370 |
| -- | 83370 |
| Withdrawn status | Lost status | Source of classification or shelving scheme | Damaged status | Not for loan | Permanent Location | Current Location | Shelving location | Date acquired | Total Checkouts | Full call number | Barcode | Date last seen | Copy number | Price effective from | Koha item type |
|---|---|---|---|---|---|---|---|---|---|---|---|---|---|---|---|
| CBU-MAIN LIBRARY, KITWE. | CBU-MAIN LIBRARY, KITWE. | 10/30/2023 | HC 915 Zam | 027307 | 10/30/2023 | 1 | 10/30/2023 | SPECIAL COLLECTION | |||||||
| CBU-MAIN LIBRARY, KITWE. | CBU-MAIN LIBRARY, KITWE. | 10/30/2023 | HC 915 Zam | 021582 | 10/30/2023 | 2 | 10/30/2023 | MONOGRAPH | |||||||
| CBU-MAIN LIBRARY, KITWE. | CBU-MAIN LIBRARY, KITWE. | 10/30/2023 | HC 915 Zam | 55604 | 10/30/2023 | 3 | 10/30/2023 | MONOGRAPH | |||||||
| CBU-MAIN LIBRARY, KITWE. | CBU-MAIN LIBRARY, KITWE. | 10/30/2023 | HC 915 Zam | 027658 | 10/30/2023 | 4 | 10/30/2023 | SPECIAL COLLECTION |